Estadísticas para Máximos goleadores en la historia del Porto

Haz click aquí para intentar la prueba.

Estadísticas generales

  • Esta prueba ha sido intentada 9 veces
  • La puntuación promedio es 4 de 10

Estadísticas de respuestas

GolesNacionalidadJugador% Correcto
72ColombiaRadamel Falcao
100%
86IránMehdi Taremi
89%
92ColombiaJackson Martínez
44%
72Mali / FranciaMoussa Marega
44%
58CamerúnVincent Aboubakar
44%
77BrasiliHulk
33%
63ArgentinaLisandro López
22%
60ArgentinaLucho González
22%
136BrasiliJardel
11%
65BrasilTiquinho Soares
11%

Distribución de puntuación

Porcentaje por número respondido

Porcentaje de gente con cada puntuación

Historial de tus puntuaciones

No has intentado esta prueba.